Tình hình tôn giáo và một số quy định thực hiện chính sách tôn giáo của Đảng, Nhà nước ở Thành phố Đà Nẵng hiện nay

Những quan điểm cơ bản của Chủ nghĩa Mac Lênin và tư tưởng Hồ Chí Minh. Tình hình tôn giáo ở Đà Nẵng. Một số quy định thực hiện chính sách tôn giáo ở Thành phố Đà Nẵng hiện nay

Đã lưu trong:
書目詳細資料
主要作者: Lê, Thị Oanh
其他作者: Vương Thị Bích Thủy TS (Hướng dẫn)
格式: 圖書
語言:Vietnamese
出版: Đại học Đà Nẵng Trường Đại học Sư Phạm 2011
叢編:Khóa luận tốt nghiệp Đại học. Chuyên ngành: Sư phạm Giáo dục Chính trị
主題:
標簽: 添加標簽
沒有標簽, 成為第一個標記此記錄!
Thư viện lưu trữ: Mạng thư viện Đại học Đà Nẵng
LEADER 01645nam a2200349 4500
001 000011595
003 7848
005 20120207150202.0
008 120207s2011 viesd
041 |a vie 
072 |a Khóa luận tốt nghiệp 
082 |a 321.322  |b LÊ-O 
100 |a Lê, Thị Oanh 
245 |a Tình hình tôn giáo và một số quy định thực hiện chính sách tôn giáo của Đảng, Nhà nước ở Thành phố Đà Nẵng hiện nay  |c Lê, Thị Oanh 
260 |a Đại học Đà Nẵng  |b Trường Đại học Sư Phạm  |c 2011 
300 |a 73 tr.  |b Tóm tăt, CD, Phụ lục  |c 29 cm 
490 |a Khóa luận tốt nghiệp Đại học. Chuyên ngành: Sư phạm Giáo dục Chính trị 
500 |a Tham khảo phụ lục trang 71 
520 |a Những quan điểm cơ bản của Chủ nghĩa Mac Lênin và tư tưởng Hồ Chí Minh. Tình hình tôn giáo ở Đà Nẵng. Một số quy định thực hiện chính sách tôn giáo ở Thành phố Đà Nẵng hiện nay 
653 |a tôn giáo 
653 |a chủ nghĩa Mac Lênin 
700 |a Vương Thị Bích Thủy  |c TS  |e Hướng dẫn 
OWN |a LSP 
AVA |a UDN50  |b LSP  |d 321.322 LÊ-O  |e available  |t Error 5001 Not defined in file expand_doc_bib_avail.  |f 1  |g 0  |h N  |i 0  |k 1 
999 |a From the UDN01 
AVA |a UDN50  |b LSP  |d 321.322 LÊ-O  |e available  |t Error 5001 Not defined in file expand_doc_bib_avail.  |f 1  |g 0  |h N  |i 0  |k 1 
TYP |a Monograph 
TYP |a Printed language 
980 |a Mạng thư viện Đại học Đà Nẵng